Преюдиции в уголовно-исполнительном праве Монография
В монографии проводится анализ норм уголовно-исполнительного и уголовного законодательства имеющих преюдициальный характер периодизация развития уголовно-исполнительных преюдициальных норм. Рассматривается данная преюдиция в России странах — членах СНГ и других государствах. На основе конкретного со...
Gardado en:
| Autor Principal: | |
|---|---|
| Formato: | Монография |
| Edición: | 1 |
| Series: | Научная мысль |
| Acceso en liña: | https://znanium.ru/catalog/document?id=462019 https://znanium.ru/cover/2180/2180375.jpg |
| Метки: |
Engadir etiqueta
Sen Etiquetas, Sexa o primeiro en etiquetar este rexistro!
|
| LEADER | 03753nam0a2200373 i 4500 | ||
|---|---|---|---|
| 001 | RU\infra-m\znanium\bibl\2180375 | ||
| 003 | https://znanium.ru/catalog/document?id=462019 | ||
| 005 | 20250611000000.0 | ||
| 010 | |a 978-5-16-020531-1 | ||
| 010 | |a 978-5-16-113186-2 |b электр. издание | ||
| 100 | |a 20250611d2025 m y0rusy0150 ca | ||
| 101 | 0 | |a rus | |
| 102 | |a RU | ||
| 200 | 1 | |a Преюдиции в уголовно-исполнительном праве |e Монография |f Рязанский государственный университет им. С.А. Есенина |g Академия права и управления Федеральной службы исполнения наказаний | |
| 205 | |a 1 | ||
| 210 | 1 | |a Москва |c ООО "Научно-издательский центр ИНФРА-М" |d 2025 | |
| 215 | |a 128 с. | ||
| 225 | 1 | |a Научная мысль | |
| 330 | |a В монографии проводится анализ норм уголовно-исполнительного и уголовного законодательства имеющих преюдициальный характер периодизация развития уголовно-исполнительных преюдициальных норм. Рассматривается данная преюдиция в России странах — членах СНГ и других государствах. На основе конкретного социологического исследования выведены особенные данные и признаки характеризующие осужденного с позиций применения преюдициальных норм. В работе предлагаются меры реализация которых способна повысить эффективность уголовно-исполнительных преюдициальных норм в исправлении осужденных профилактике преступлений и иных правонарушений в реализации законодательства о пробации. Предназначена для преподавателей научных сотрудников курсантов и студентов образовательных учреждений юридического профиля. | ||
| 333 | |a Дополнительное профессиональное образование | ||
| 606 | |a Право. Юридические науки |x Уголовно-исполнительное право |2 local | ||
| 608 | |a Монография |2 local | ||
| 675 | |a 343.13(075.4) |z rus | ||
| 686 | |a 67.410.2 |2 rubbk | ||
| 686 | |a 40.04.01 |2 okso | ||
| 686 | |a 40.05.02 |2 okso | ||
| 686 | |a 40.05.04 |2 okso | ||
| 686 | |a 40.06.01 |2 okso | ||
| 700 | 1 | |a Гришко |b А.Я. |g Александр Яковлевич |p Рязанский государственный университет им. С.А. Есенина | |
| 701 | 1 | |a Даланов |b Д.С. |g Денис Сергеевич |p Академия права и управления Федеральной службы исполнения наказаний | |
| 712 | 0 | 2 | |a Академия права и управления Федеральной службы исполнения наказаний |
| 801 | 0 | |a RU |b Общество с ограниченной ответственностью «ЗНАНИУМ» |c 20241023 |2 rusmarc | |
| 856 | 4 | |a znanium.ru |m ebs_support@infra-m.ru |n НИЦ ИНФРА-М |u https://znanium.ru/catalog/document?id=462019 | |
| 856 | 4 | 1 | |a znanium.ru |d /cover/2180 |f 2180375.jpg |q image/jpeg |u https://znanium.ru/cover/2180/2180375.jpg |